000 00678nam a2200277Ia 4500
005 20260324142958.0
008 008 260324s9999 xx 000 0 eng d
020 _a9781315444406
037 _aEBOOK
040 _aCRL
040 _beng
040 _cCRL
041 _2eng
041 _aeng
084 _qCRL
100 _aElizabeth Seymour Eschbach
_91213949
245 4 _aThe Higher Education of Women in England and America, 1865-1920
260 _bTaylor and Francis
260 _c1993
365 _a
365 _b230
856 _uhttp://www.taylorfrancis.com/books/9781315444406
942 _cEBOOK
999 _c1818787
_d1818787